Der Dichter Christian Morgenstern als Kurgast in Bad Reinerz
| Titel: | Der Dichter Christian Morgenstern als Kurgast in Bad Reinerz |
|---|---|
| Verfasser: | |
| In: |
Grofschoaftersch Häämtebärnla, Band 42 (1990), Seite 84-87 alle Artikel anzeigen |
| Veröffentlicht: | 1990 |
| Format: | Aufsatz |
| Sprache: | Deutsch |
X
alg: 39464066 001A $01999:12-11-16 001B $01999:01-06-17 $t17:57:50.000 001D $01999:12-11-16 001U $0utf8 001X $00 002@ $0Aox 003@ $0394640667 007A $0394640667 $aHEB 007T $0Herdww016445 010@ $ager 011@ $a1990 021A $aDer @Dichter Christian Morgenstern als Kurgast in Bad Reinerz 028A $aSchindler $dKarl 031A $d42 $h84-87 $j1990 039B $aIn $8--Abvc--. Grofschoaftersch Häämtebärnla. - Lüdenscheid : Zentralstelle Grafschaft Glatz/Schlesien e.V., 1956-[2019] $x199000000420000916 $9047864346 045T $a7,41 $a8,1 lok: 39464066 78 exp: 39464066 78 1 #EPN 201B/01 $018-11-16 $t12:14:45.000 201U/01 $0utf8 203@/01 $0790751135 208@/01 $a12-11-16 $be 209A/01 $a/ $f000 $x00 220C/01 $aTitelaufnehmer: KS 220C/01 $aHerkunft: IH UWr 244Z/01 $2Trx $#Silesia $#Śląsk $#Sliezsko $#Slezsko $8--Trx--Schlesien $x01 $9391173987 244Z/01 $2Trx $#Reinerz Bad $#Bad Reinerz Glatz $8--Trx--Duszniki Zdrój$gKłodzko $x02 $9391299603 244Z/01 $aGeschichte 1871-1914 $x03 244Z/01 $2Trx $8--Trx--Morgenstern, Christian$Z1871-1914 $x04 $9390616761 244Z/01 $2Trx $#kirjanikud $#rašytojai $#writers $#írók $#pisarze $#spisovatelia $#spisovatelé $8--Trx--Schriftsteller $x05 $9391382659 244Z/01 $2Trx $#kuurortid $#kurortai $#Spa and resort towns $#gyógyüdülöhelyek $#uzdrowiska $#kúpele $#lázně $#Badeorte $#Kurbäder $#Heilbäder $#kúpeľné mestá $8--Trx--Kurorte $x06 $9391356143 244Z/01 $2Trx $8--Trx--Zeitschriftenaufsatz $x07 $9391384341 247C/01 $82080>Marburg/Lahn, Herder-Institut, Forschungsbibliothek, Bibliographieportal $9336309341
| LEADER | 00000caa a22000002c 4500 | ||
|---|---|---|---|
| 001 | 394640667 | ||
| 003 | DE-603 | ||
| 005 | 20170601175750.0 | ||
| 007 | tu | ||
| 008 | 161112s1990 xx |||| | u00||u|ger c | ||
| 035 | |a (DE-599)HEB394640667 | ||
| 040 | |a DE-603 |b ger |c DE-603 |d DE-603 | ||
| 041 | |a ger | ||
| 084 | |a 7,41 |a 8,1 |2 ssgn | ||
| 100 | 1 | |a Schindler, Karl | |
| 245 | 0 | 0 | |a Der Dichter Christian Morgenstern als Kurgast in Bad Reinerz |
| 264 | 0 | |c 1990 | |
| 773 | 0 | 8 | |i In |t Grofschoaftersch Häämtebärnla |d Lüdenscheid : Zentralstelle Grafschaft Glatz/Schlesien e.V., 1956-[2019] |g Band 42 (1990), Seite 84-87 |w (DE-603)047864346 |w (DE-600)558553-3 |
| 924 | 0 | |9 2080 |a (DE-603)790751135 |b DE-2080 |c HES |d d |g / | |


